Najlepsi strzelcy Ekstraklasy w sezonie 2023/24 - Statystyki

Ogólne statystyki
  • Ten quiz został rozwiązany 205 razy
  • Średni wynik to 7 z 11
Statystyki odpowiedzi
Miejsce Zawodnik Klub Liczba bramek % Poprawnych
3 Kamil Grosicki Pogoń Szczecin 13
92%
1 Erik Expósito Śląsk Wrocław 19
88%
8 Mikael Ishak Lech Poznań 11
85%
4 Jesús Imaz Jagiellonia Białystok 12
81%
4 Afimico Pululu Jagiellonia Białystok 12
76%
2 Ilya Shkurin Stal Mielec 16
65%
9 Daniel Szczepan Ruch Chorzów 10
58%
4 Efthymios Koulouris Pogoń Szczecin 12
57%
9 Kristoffer Velde Lech Poznań 10
49%
4 Dawid Kurminowski Zagłębie Lubin 12
39%
9 Yevgeniy Shikavka Korona Kielce 10
25%
Nie znaleziono quizów pasujących do podanych kryteriów
Rozkład punktacji
Procent ludzi z każdym wynikiem
Percentyl według liczby udzielonych odpowiedzi
Twoja historia wyników
Nie rozwiązałeś tego quizu